000 00685nam a22002175i 4500
001 54120
003 ES-MaACL
005 20230906162911.0
007 t|
008 960712s1884 fr ||||1| fre d
040 _aCAM
_bspa
_cCAM
100 1 _aFeuillet, Octave.
_950641
245 1 3 _aLa veuve
_b: le voyageur /
_cpar Octave Feuillet.
250 _a10e éd.
260 _aParis :
_bCalmann Lévy, éditeur,
_c1884 (
_fImp. de la Soc. anon. de Publ. périod P. Mouillot)
300 _a[4], 254, [1] p. ;
_c18 cm.
490 1 _aOeuvres complètes d'Octave Feuillet
830 0 _aOeuvres complètes d'Octave Feuillet
_9182483
852 _aES-MaACL
_jG-8041
999 _c54120
_d54120